[Event "TCh-CAT 2012"]
[Site "Catalunya ESP"]
[Date "2012.02.04"]
[Round "2.2"]
[White "Moskalenko,V1"]
[Black "Cuartas Medina,J"]
[Result "1-0"]
[WhiteElo "2532"]
[BlackElo "2284"]

1.c4 c6 2.e4 e5 3.Nf3 Nf6 4.Nc3 Bb4 5.Nxe5 O-O 6.Be2 Re8 7.Nd3 Bxc3 8.dxc3 Nxe4
9.O-O Na6 10.f3 Nf6 11.Bg5 Nc7 12.Nf2 d5 13.Ng4 Bxg4 14.fxg4 Re6 15.Bd3 dxc4
16.Bxc4 Ncd5 17.Qd4 Qe8 18.Bxf6 Re4 19.Bxg7 Rxd4 20.Bxd4 Qd7 21.Rf5 h6 22.Bxd5 cxd5
23.Rf6 Re8 24.Rxh6 f6 25.Rf1 Qxg4 26.Rhxf6 Qh5 27.R6f3 Re4 28.Rf8+  1-0

[Event "Moscow Open Women 2012"]
[Site "Moscow RUS"]
[Date "2012.02.04"]
[Round "8.24"]
[White "Suslova,A"]
[Black "Sviridova,Vlada"]
[Result "1/2-1/2"]
[WhiteElo "2221"]
[BlackElo "2070"]

1.c4 c6 2.e4 d5 3.exd5 cxd5 4.cxd5 Qxd5 5.Nc3 Qd8 6.d4 Nf6 7.d5 g6 8.Bf4 Bg7
9.Be2 O-O 10.Nf3 a6 11.a4 e6 12.dxe6 Bxe6 13.Qxd8 Rxd8 14.Ng5 Nd5 15.Nxe6 fxe6
16.Bd2 Nb4 17.O-O-O N8c6 18.Bg5 Rf8 19.Bc4 Rxf2 20.Bxe6+ Kh8 21.Rd2 Rxd2
22.Kxd2 h6 23.Bh4 g5 24.Bg3 Rd8+ 25.Kc1 Nd4 26.Bg4 Nb3+ 27.Kb1 Nd2+ 28.Kc1 Nb3+
29.Kb1 Nd2+ 30.Kc1 Nb3+ 31.Kb1  1/2-1/2

[Event "Moscow Open 2012 A"]
[Site "Moscow RUS"]
[Date "2012.02.05"]
[Round "9.30"]
[White "Pridorozhni,A"]
[Black "Gordievsky,D"]
[Result "1-0"]
[WhiteElo "2555"]
[BlackElo "2406"]

1.c4 c6 2.Nc3 d5 3.d4 Nf6 4.Nf3 dxc4 5.a4 e6 6.e3 c5 7.Bxc4 Nc6 8.O-O Be7
9.Qe2 cxd4 10.exd4 O-O 11.Rd1 Nb4 12.Ne5 Bd7 13.Bg5 Bc6 14.Nxc6 bxc6 15.Bf4 Qa5
16.Be5 Nd7 17.Bg3 Nf6 18.Ne4 Nxe4 19.Qxe4 Rfd8 20.Be5 Bd6 21.b3 Rd7 22.Bxd6 Rxd6
23.Qe5 Qd8 24.Rac1 a5 25.Rc3 Ra7 26.Rg3 g6 27.h4 Nd5 28.h5 Rad7 29.hxg6 hxg6
30.Rh3 Nf6 31.Rh4 Nh5 32.g3 Ng7 33.Kg2 f6 34.Qc5 Kf7 35.b4 axb4 36.a5 Qb8
37.a6 b3 38.Rb1 b2 39.Qa3 Qa8 40.Qc5 Qb8 41.Re4 Nf5 42.Re2 Nxd4 43.Rexb2 Nb5
44.Rh1 Qg8 45.Re2 Nd4 46.Re4 g5 47.Rd1 Qd8 48.a7 Qa8 49.Rdxd4 Rxd4 50.Bxe6+ Kg7
51.Rxd4 Rxa7 52.Qxa7+ Qxa7 53.Rd7+ Qxd7 54.Bxd7 c5 55.Kf3  1-0

[Event "FSFMA2 February"]
[Site "Budapest HUN"]
[Date "2012.02.06"]
[Round "3.5"]
[White "Veliev,S"]
[Black "Koczo,K"]
[Result "0-1"]
[WhiteElo "1986"]
[BlackElo "2152"]

1.c4 c6 2.d4 d5 3.Nc3 Nf6 4.Nf3 dxc4 5.e3 b5 6.a4 b4 7.Na2 e6 8.Bxc4 Bb7
9.O-O Be7 10.Qb3 a5 11.Ne5 Nbd7 12.Rd1 Nxe5 13.dxe5 Nd7 14.e4 Qc7 15.Qg3 O-O-O
16.Qxg7 Nxe5 17.Rxd8+ Rxd8 18.Be2 f6 19.Be3 c5 20.Rc1 c4 21.Qxh7 c3 22.Nxc3 bxc3
23.Rxc3 Nc6 24.Bb6 Qxb6 25.Qxe7 Qxb2 26.Qxe6+ Kb8 27.Qc4 Rd4 28.Qg8+ Ka7
29.Rg3 Qc1+ 30.Bf1 Rd1  0-1

[Event "11th Aeroflot Open B"]
[Site "Moscow RUS"]
[Date "2012.02.07"]
[Round "1"]
[White "Mikhalevski,V"]
[Black "Papp,Petra"]
[Result "1-0"]
[WhiteElo "2525"]
[BlackElo "2269"]

1.c4 c6 2.Nf3 d5 3.g3 Nf6 4.Bg2 dxc4 5.O-O Nbd7 6.Na3 Nb6 7.Qc2 Be6 8.Ng5 Qd7
9.b3 Bf5 10.e4 cxb3 11.axb3 Bg6 12.d3 e6 13.Nc4 Nxc4 14.bxc4 Bc5 15.Ba3 Bxa3
16.Rxa3 O-O 17.Rfa1 a6 18.c5 e5 19.Nf3 Qc7 20.Rb1 Rab8 21.Nd2 Nd7 22.Bh3 f6
23.Nb3 Bf7 24.Na5 Rfd8 25.Raa1 Nf8 26.Rb6 Nd7 27.Rb2 Nf8 28.Qb1 Be6 29.Bxe6+ Nxe6
30.Nxb7 Rd7 31.Qa2 Rxb7 32.Qxe6+ Kf8 33.Rxb7 Qxb7 34.Rxa6 Qxa6 35.Qxd7 Qb5
36.Qd6+ Kf7 37.g4 g5 38.Qd7+ Kg6 39.Qe8+ Kg7 40.Qe7+ Kg6 41.Kg2 Qa4 42.Qf8 Qb5
43.Qg8+ Kh6 44.Qf7  1-0

[Event "11th Aeroflot Open B"]
[Site "Moscow RUS"]
[Date "2012.02.07"]
[Round "1"]
[White "Kislinsky,A"]
[Black "Debashis,D"]
[Result "1/2-1/2"]
[WhiteElo "2535"]
[BlackElo "2389"]

1.c4 c6 2.e4 d5 3.exd5 cxd5 4.Nf3 Nf6 5.cxd5 Nxd5 6.Nc3 Nc6 7.Bc4 Nb6 8.Bb3 Bf5
9.d4 e6 10.O-O Be7 11.Be3 O-O 12.Ne5 Na5 13.g4 Bg6 14.f4 Nxb3 15.Qxb3 Rc8
16.f5 exf5 17.gxf5 Bh5 18.Ne4 Bh4 19.Ng3 Bxg3 20.hxg3 Be2 21.Rf2 Bc4 22.Qd1 f6
23.Nxc4 Nxc4 24.Bf4 Re8 25.Qf3 Qxd4 26.Rd1 Qc5 27.Rd7 Kh8 28.b3 Nb6 29.Rxb7 Nd5
30.Bd2 Ne3 31.Rd7 Re5 32.b4 Qb6 33.Qb7 Qxb7 34.Rxb7 Nxf5  1/2-1/2

[Event "11th Aeroflot Open B"]
[Site "Moscow RUS"]
[Date "2012.02.08"]
[Round "2"]
[White "Javakhadze,Z"]
[Black "Petrosyan,M"]
[Result "0-1"]
[WhiteElo "2413"]
[BlackElo "2205"]

1.c4 c6 2.Nf3 d5 3.g3 Bg4 4.Ne5 Bf5 5.cxd5 Qxd5 6.Nf3 Bxb1 7.Rxb1 Qxa2 8.Qc2 Na6
9.e3 Nb4 10.Qe4 Nf6 11.Qxb4 Qxb1 12.Qc3 Nd5 13.Qc4 Nb6 14.Qc3 Na4 15.Qc4 Nxb2
16.Qc3 Na4 17.Qc4 Nb6 18.Qc3 Nd5 19.Qc4 a5 20.Ne5 e6 21.Bg2 Qb5 22.Qg4 Nb4
23.f4 h5 24.Qg5 Nd3+ 25.Nxd3 Qxd3 26.Qe5 Bb4 27.Kf2 Bxd2 28.Bb2 O-O-O 29.Ra1 Bxe3+
30.Qxe3 Qc2+ 31.Kg1 Qxb2 32.Rxa5 Kc7  0-1

[Event "11th Aeroflot Open B"]
[Site "Moscow RUS"]
[Date "2012.02.09"]
[Round "3"]
[White "Ovetchkin,R"]
[Black "Froewis,G"]
[Result "1-0"]
[WhiteElo "2507"]
[BlackElo "2424"]

1.c4 c6 2.d4 d5 3.Nf3 Nf6 4.Qc2 dxc4 5.Qxc4 Bg4 6.Nc3 Nbd7 7.e4 Bxf3 8.gxf3 e5
9.Be3 exd4 10.Qxd4 Bc5 11.Qd2 Qe7 12.Bxc5 Nxc5 13.O-O-O O-O 14.Bh3 Rad8 15.Qe3 b6
16.e5 Nd5 17.Nxd5 Rxd5 18.Rxd5 cxd5 19.Rd1 Rd8 20.f4 Ne6 21.Kb1 Qh4 22.Bxe6 fxe6
23.f5 Qh5 24.Qd3 Qxh2 25.Qd4 Qh3 26.f6 Rc8 27.Rg1 Qf5+ 28.Ka1 Qg6 29.f3 Rc7
30.a3 Qc2 31.Qg4 Qc6 32.f4 Qd7 33.Qe2 Qc8 34.Kb1 Kf8 35.Qd3 gxf6 36.exf6 Qe8
37.Qh3 Qa4 38.f5 Qe4+ 39.Ka1 Qf4 40.Ka2 Qc4+ 41.Ka1 Qf4 42.fxe6 Rc1+ 43.Rxc1 Qxc1+
44.Ka2 Qc4+ 45.Kb1 Qe4+ 46.Ka1 Qf4 47.e7+ Kf7 48.Qxh7+  1-0

[Event "11th Aeroflot Open B"]
[Site "Moscow RUS"]
[Date "2012.02.10"]
[Round "4"]
[White "Rychagov,A"]
[Black "Kreisl,R"]
[Result "1/2-1/2"]
[WhiteElo "2542"]
[BlackElo "2406"]

1.c4 c6 2.Nf3 d5 3.e3 Nf6 4.Nc3 e6 5.b3 Bd6 6.Qc2 O-O 7.Bb2 e5 8.d4 exd4
9.Nxd4 c5 10.Ndb5 d4 11.O-O-O Nc6 12.Nxd6 Qxd6 13.exd4 Nxd4 14.Qd2 Bf5 15.Bd3 Bxd3
16.Qxd3 Qf4+ 17.Qd2 Qf5 18.Ne2 Nxe2+ 19.Qxe2 Rfe8 20.Qc2 Qxc2+ 21.Kxc2 Re2+
22.Rd2 Rxd2+ 23.Kxd2 Ne4+ 24.Ke3 Re8 25.Rg1 f6 26.f3 Ng5+ 27.Kf2 Rd8 28.Re1 Kf7
29.Bc1 Ne6 30.Be3 f5 31.g3 b6 32.h4 Kf6 33.h5 f4 34.gxf4 Kf5 35.Rg1 Rd7 36.Ke2  1/2-1/2

[Event "TCh-CAT 2012"]
[Site "Catalunya ESP"]
[Date "2012.02.11"]
[Round "3.9"]
[White "Bofill Mas,A"]
[Black "Quintas Galeano,L"]
[Result "1-0"]
[WhiteElo "2344"]
[BlackElo "2166"]

1.c4 c6 2.g3 d5 3.Bg2 Nf6 4.Nf3 g6 5.b3 Bg7 6.Bb2 O-O 7.O-O Bf5 8.d3 Qc8
9.Re1 h6 10.Nbd2 Rd8 11.Rc1 dxc4 12.Nxc4 Bh3 13.Bh1 Nbd7 14.b4 Qb8 15.a4 Nd5
16.Bxg7 Kxg7 17.Qb3 e5 18.b5 cxb5 19.Qxb5 Be6 20.Ng5 hxg5 21.Bxd5 Bxd5 22.Qxd5 Nb6
23.Qxe5+ Qxe5 24.Nxe5 Rd5 25.d4 Rxd4 26.Rc7 Rf8 27.a5 Nc8 28.Rec1 Rd5 29.Nc4 b5
30.Ne3 Rdd8 31.a6 Rfe8 32.R1c5 Nd6 33.Rxa7 Ra8 34.Rxa8 Rxa8 35.Rc6 Nc8 36.Nd5 Kf8
37.Kf1 Ne7 38.Nxe7 Kxe7 39.Ke1 Kd7 40.Rb6 g4 41.Kd2 Kc7 42.Rf6 Rd8+ 43.Kc3 Rd7
44.Kb4 Kb8 45.Kxb5 Ka7 46.e3 Re7 47.Kc5 Re5+ 48.Kd4 Rh5 49.Rxf7+ Kxa6 50.e4 Kb6
51.Rf6+ Kc7 52.Rxg6 Rxh2 53.Ke3  1-0

[Event "Bronshoj Lang Weekend 2012"]
[Site "Copenhagen DEN"]
[Date "2012.02.11"]
[Round "3"]
[White "Moller,A"]
[Black "Rydstrom,Tom"]
[Result "1/2-1/2"]
[WhiteElo "1870"]
[BlackElo "1951"]

1.c4 c6 2.e4 d5 3.exd5 cxd5 4.d4 dxc4 5.Bxc4 Nf6 6.Nc3 e6 7.Nf3 Be7 8.O-O O-O
9.Qe2 Nc6 10.Rd1 Nb4 11.Bg5 Nbd5 12.Rac1 a6 13.Ne5 Nxc3 14.bxc3 Nd5 15.Bxe7 Nxe7
16.Rd3 b5 17.Bb3 Nd5 18.Rg3 Qh4 19.Bc2 f5 20.Qd2 Qf4 21.Qe1 Ra7 22.Nd3 Qh6
23.Rh3 Qg5 24.Rg3  1/2-1/2

[Event "TCh-LTU 2012"]
[Site "Lithuania LTU"]
[Date "2012.02.11"]
[Round "3"]
[White "Dubinskas,K"]
[Black "Babrauskas,Darius"]
[Result "1/2-1/2"]
[WhiteElo "1997"]
[BlackElo "2104"]

1.c4 c6 2.d4 d5 3.cxd5 cxd5 4.Nc3 Nf6 5.Nf3 Nc6 6.Bf4 a6 7.e3 Bg4 8.Be2 e6
9.O-O Bd6 10.Bxd6 Qxd6 11.Ne1 Bxe2 12.Qxe2 O-O 13.Nd3 Nd7 14.Rac1 b5 15.Rc2 Nb4
16.Nxb4 Qxb4 17.Rfc1 Nb6 18.Nb1 Rac8 19.g3 h6 20.Kg2 Qa5 21.b3 Rxc2 22.Rxc2 Rc8
23.Rc5 Rxc5 24.dxc5 Nd7 25.Qc2 Ne5 26.a3 b4 27.axb4 Qxb4 28.Nd2 Nc6 29.Nf3 Kf8
30.Nd4 Qb7 31.Qc3 Ne7 32.c6 Qc8 33.c7 e5 34.Nc2 f6 35.Qc5 Qb7 36.f3 Ke8 37.Qd6 Qc8
38.Nb4 Qd7 39.Qc5 d4 40.exd4 exd4 41.Nd3 Nc8 42.Qc4 Qf7 43.Qxf7+ Kxf7 44.Nb4 Ke6
45.Nxa6 Kd5 46.Kf2 Kc6 47.Ke2 Kb5 48.Nb8 Kb6 49.Kd3 Kxc7 50.Na6+ Kb6 51.Nb4 Kc5
52.Nc2 Nd6 53.Nxd4 Kd5 54.Nc2 f5 55.Kc3 g5 56.Ne3+ Ke6 57.b4 h5 58.h3 g4
59.hxg4 hxg4 60.fxg4 fxg4 61.Kd4 Kd7 62.Ke5 Kc6 63.Nxg4 Ne8 64.Ne3 Kb5 65.Nd5 Kc4
66.g4 Ng7 67.g5 Nh5 68.g6 Ng7 69.Nf4 Kxb4 70.Kf6 Ne8+ 71.Ke7 Ng7 72.Kf7 Nf5
73.Kf6 Nh6 74.g7 Kc5 75.Nh5 Kd6 76.Kg6 Ng8 77.Nf6 Ne7+ 78.Kf7 Nf5  1/2-1/2

[Event "11th Aeroflot Open B"]
[Site "Moscow RUS"]
[Date "2012.02.11"]
[Round "5"]
[White "Mozharov,M"]
[Black "Ankit,R"]
[Result "1-0"]
[WhiteElo "2478"]
[BlackElo "2349"]

1.c4 c6 2.e4 d5 3.exd5 cxd5 4.cxd5 Nf6 5.Nc3 Nxd5 6.Nf3 Nc6 7.Bb5 e6 8.O-O Be7
9.d4 O-O 10.Re1 Bd7 11.Bd3 Bf6 12.Be4 Nce7 13.Ng5 g6 14.Qg4 h6 15.Nf3 Bg7
16.Qh3 e5 17.Qh4 Nxc3 18.bxc3 Nc6 19.Qxd8 Raxd8 20.Bxc6 Bxc6 21.Nxe5 Bd5
22.c4 Be6 23.d5 Bf5 24.Bf4 b5 25.Rac1 Bxe5 26.Rxe5 bxc4 27.Rxc4 f6 28.Re7 g5
29.g4 Bg6 30.Be3 Rxd5 31.Rxa7 Re8 32.Kg2 Be4+ 33.Kg3 f5 34.gxf5 Rxf5 35.h4 Bd5
36.Rd4 Bf7 37.hxg5 hxg5 38.a4 Ree5 39.Ra6 Ra5 40.Rb6 Ra8 41.Rb5 Rf6 42.a5 Rfa6
43.Rxg5+ Kf8 44.Re4 Re6 45.Rxe6 Bxe6 46.Bb6 Ke7 47.Kf4 Rg8 48.Rh5 Kd6 49.a6 Rg4+
50.Ke3 Ra4 51.a7 Bd5 52.Rh6+ Kd7 53.Bc5 Kc7 54.f4 Re4+ 55.Kd3 Ra4 56.Bd4 Ra3+
57.Kc2 Ra4 58.Kc3 Ra3+ 59.Kb4 Rd3 60.Kc5  1-0

[Event "TCh-SVK Extraliga 2011-12"]
[Site "Slovakia SVK"]
[Date "2012.02.11"]
[Round "7.4"]
[White "Dovzik,J"]
[Black "Cech,P"]
[Result "1/2-1/2"]
[WhiteElo "2341"]
[BlackElo "2369"]

1.c4 c6 2.e4 e5 3.Nf3 d6 4.Nc3 Nf6 5.d4 Nbd7 6.Be2 Be7 7.O-O O-O 8.Qc2 a6
9.Rd1 Qc7 10.Rb1 b5 11.b4 Bb7 12.a4 bxc4 13.dxe5 Nxe5 14.Nxe5 dxe5 15.Bxc4 a5
16.bxa5 Rxa5 17.Be3 Bc5 18.Bxc5 Rxc5 19.Qd3 Bc8 20.h3 g6 21.Rb4 Kg7 22.Qe3 Qe7
23.f3 Nh5 24.Ne2 Ra5 25.Qb6 Qa7 26.Qxa7 Rxa7 27.Rb6 Rxa4 28.Rxc6 Ra7 29.Rc5 f6
30.h4 Bd7 31.g4 Nf4 32.Nxf4 exf4 33.g5 fxg5 34.hxg5 Re8 35.Rd6 Rb8 36.Rd2 Rb1+
37.Kf2 Rc1 38.Re5 Rxc4 39.Re7+ Kg8 40.Rexd7 Rxd7 41.Rxd7 Rc2+ 42.Kf1 Rc5
43.Rd5 Rc2 44.Rd6 Rc5 45.Rd5 Rc2 46.Kg1 h5 47.Rd6 Kg7 48.Rd7+ Kg8 49.Rd6 Kg7  1/2-1/2

[Event "TCh-FIN SM-Liiga 2011-12"]
[Site "Tampere FIN"]
[Date "2012.02.11"]
[Round "8.4"]
[White "Lehtinen,H"]
[Black "Maki Uuro,Mi"]
[Result "1/2-1/2"]
[WhiteElo "2401"]
[BlackElo "2323"]

1.c4 c6 2.Nf3 d5 3.e3 Nf6 4.Nc3 Bg4 5.Qb3 Qb6 6.Qxb6 axb6 7.cxd5 Bxf3 8.gxf3 Nxd5
9.d4 e6 10.Bd2 Nd7 11.f4 Be7 12.Bg2 g6 13.Ke2 b5 14.a4 bxa4 15.Nxa4 O-O-O
16.Nc3 N7b6 17.Rhc1 f5 18.Ke1  1/2-1/2

[Event "TCh-BEL 2011-12"]
[Site "Belgium BEL"]
[Date "2012.02.12"]
[Round "8.6"]
[White "Le Quang,K"]
[Black "Ducarmon,Q"]
[Result "1/2-1/2"]
[WhiteElo "2326"]
[BlackElo "2332"]

1.c4 c6 2.g3 d5 3.Nf3 Bg4 4.Bg2 e6 5.b3 Nf6 6.Bb2 Nbd7 7.O-O Bd6 8.Na3 O-O
9.d3 Qe7 10.Nc2 Rfe8 11.Qd2 h6 12.Rae1 Rad8 13.Qc1 e5 14.Ne3 Be6 15.cxd5 cxd5
16.d4 e4 17.Ne5 Bb4 18.Rd1 Rc8 19.Qa1 Ba3 20.f3 Nb6 21.f4 Bxb2 22.Qxb2 Qb4
23.Qd2 Qxd2 24.Rxd2 Rc3 25.Kf2 a5 26.Rb1 g6 27.Rbb2 Rec8 28.Rdc2 Ne8 29.Rxc3 Rxc3
30.Rc2 Rxc2 31.Nxc2 h5 32.Ne3 Kg7 33.g4 hxg4 34.N5xg4 a4 35.h3 Nd6 36.Nc2 Nb5
37.Nge3 Nc3 38.Nb4 Kf6  1/2-1/2

[Event "Bronshoj Lang Weekend 2012"]
[Site "Copenhagen DEN"]
[Date "2012.02.12"]
[Round "5"]
[White "Langmyhr,T"]
[Black "Andersen,So2"]
[Result "0-1"]
[WhiteElo "1923"]
[BlackElo "2064"]

1.c4 c6 2.e4 d5 3.exd5 cxd5 4.d4 Nf6 5.Nc3 Nc6 6.Bg5 e6 7.Nf3 Be7 8.c5 Ne4
9.Bxe7 Qxe7 10.Bb5 O-O 11.Bxc6 Nxc3 12.bxc3 bxc6 13.O-O Qc7 14.Qa4 f6 15.Rfe1 Rb8
16.Rab1 Bd7 17.Qc2 Rxb1 18.Rxb1 e5 19.h3 e4 20.Nh2 f5 21.Qb2 Bc8 22.Qd2 h6
23.f4 Ba6 24.Nf1 Rb8 25.Rb4 Bxf1 26.Kxf1 a5 27.Rxb8+ Qxb8 28.Kf2 Qb5 29.g4 fxg4
30.hxg4 a4 31.a3 Qb3 32.Qc1 Qa2+ 33.Kg1 Qe2 34.g5 Qg4+ 35.Kf1 Qf3+ 36.Kg1 Qg3+
37.Kh1 Qh3+ 38.Kg1 Qg3+ 39.Kh1 hxg5 40.fxg5 e3 41.Qd1 Qh4+ 42.Kg2 Qf2+  0-1

[Event "11th Aeroflot Open B"]
[Site "Moscow RUS"]
[Date "2012.02.13"]
[Round "7"]
[White "Gomes,Mary"]
[Black "Petrosyan,M"]
[Result "0-1"]
[WhiteElo "2377"]
[BlackElo "2205"]

1.c4 c6 2.g3 d5 3.Bg2 Nf6 4.Nf3 Bg4 5.cxd5 Bxf3 6.Bxf3 cxd5 7.d4 Nc6 8.Nc3 e6
9.O-O Be7 10.e3 O-O 11.Bd2 Rc8 12.Qe2 a6 13.Na4 b5 14.Nc5 Bxc5 15.dxc5 Ne5
16.Bg2 Ne4 17.b4 Nc4 18.Be1 a5 19.f3 Nf6 20.a3 axb4 21.axb4 d4 22.exd4 Qxd4+
23.Bf2 Qc3 24.f4 Nd5 25.f5 Rce8 26.Rfc1 Qxb4 27.Bxd5 exd5 28.Qd3 Ne5 29.Qxd5 Qg4
30.Kg2 Nc4 31.Re1 Re2 32.Rxe2 Qxe2 33.Qd4 b4 34.Re1 Qc2 35.Re4 Nb2 36.Qxb4 Nd3  0-1

[Event "11th Aeroflot Open B"]
[Site "Moscow RUS"]
[Date "2012.02.13"]
[Round "7"]
[White "Mikhalevski,V"]
[Black "Arslanov,S"]
[Result "1-0"]
[WhiteElo "2525"]
[BlackElo "2424"]

1.c4 c6 2.Nf3 d5 3.g3 Nf6 4.Bg2 dxc4 5.O-O Bf5 6.a4 e6 7.Na3 Qd5 8.b3 cxb3
9.d3 Na6 10.Nc4 Qd8 11.Qxb3 Nc5 12.Qb2 Be7 13.Be3 Nfd7 14.Qxg7 Bf6 15.Nd6+ Ke7
16.Nxf5+ exf5 17.Qh6 Bxa1 18.Rxa1 Ne6 19.Nh4 Qa5 20.Qh5 Nf6 21.Nxf5+ Kd8
22.Qh3 Kc7 23.g4 Qb4 24.Qg3+ Kd7 25.Bd2  1-0

[Event "3rd Novy Bor Open"]
[Site "Novy Bor CZE"]
[Date "2012.02.15"]
[Round "6"]
[White "Kucera,P3"]
[Black "Richterova,Natasa"]
[Result "1-0"]
[WhiteElo "2179"]
[BlackElo "1801"]

1.c4 c6 2.Nc3 d5 3.cxd5 cxd5 4.d4 Nc6 5.Nf3 Nf6 6.Bf4 Nh5 7.Be5 f6 8.Bg3 Nxg3
9.hxg3 e6 10.e3 Kf7 11.Bd3 g6 12.a3 Bd6 13.b4 a5 14.b5 Ne7 15.g4 e5 16.dxe5 Bxe5
17.Nxe5+ fxe5 18.Qf3+ Kg7 19.Qg3 Qd6 20.Rd1 Qf6 21.g5 Qe6 22.Qh4 b6 23.e4 d4
24.Ne2 Bd7 25.f3 Rac8 26.Kf2 Qd6 27.a4 Be6 28.f4 exf4 29.Nxf4 Rcf8 30.g3 Qe5
31.Kg2 Nc8 32.Rc1 Ne7 33.Rc7 Rxf4 34.Rxe7+ Bf7 35.Qh6+  1-0

[Event "ch-ROU Men 2012"]
[Site "Sarata Monteoru ROU"]
[Date "2012.02.15"]
[Round "3.22"]
[White "Berescu,A"]
[Black "Stoicescu,H"]
[Result "1-0"]
[WhiteElo "2488"]
[BlackElo "1909"]

1.c4 c6 2.Nf3 d5 3.g3 Bf5 4.Bg2 e6 5.b3 Nf6 6.Bb2 Be7 7.O-O h6 8.d3 O-O 9.Nbd2 Nbd7
10.Qc2 a5 11.a3 Qb8 12.Rac1 Rc8 13.Qb1 b5 14.cxd5 cxd5 15.Nd4 Qb6 16.Nxf5 exf5
17.Nf3 b4 18.a4 Bc5 19.e3 Re8 20.h3 Rac8 21.d4 Bd6 22.Qxf5 g6 23.Qd3 Ne4
24.Nd2 f5 25.Nxe4 fxe4 26.Qe2 Nf6 27.f4 Qb8 28.Qa6 Kg7 29.Qxa5 Rxc1 30.Rxc1 Rc8
31.Qa6 Rxc1+ 32.Bxc1 Qc7 33.Bd2 Be7 34.a5 Qc2 35.Bxb4  1-0

[Event "ch-Central Serbia 2012"]
[Site "Pozarevac SRB"]
[Date "2012.02.16"]
[Round "5.7"]
[White "Martinovic,Sl"]
[Black "Stojanovic,Zl"]
[Result "1-0"]
[WhiteElo "2429"]
[BlackElo "2252"]

1.c4 c6 2.Nf3 d5 3.e3 Nf6 4.d4 g6 5.Nc3 Bg7 6.h3 O-O 7.Bd3 Nbd7 8.O-O Re8
9.cxd5 cxd5 10.Qb3 e6 11.Bd2 b6 12.Nb5 e5 13.dxe5 Nxe5 14.Nxe5 Rxe5 15.Nd4 Ne4
16.Bxe4 Rxe4 17.f3 Re8 18.Qd3 Qg5 19.Kh2 Qe5+ 20.Kh1 Qh5 21.Rf2 Bf6 22.Bc3 a5
23.Nb5 Bxh3 24.gxh3 Qxh3+ 25.Kg1 Bxc3 26.Nxc3 Re5 27.Rg2 Qxf3 28.Rf1 Qxe3+
29.Qxe3 Rxe3 30.Nxd5 Re5 31.Nxb6 Rd8 32.Nc4 Rc5 33.Ne3 h5 34.Rgf2 Rd7 35.Rf4 Re5
36.Nc4 Rg5+ 37.Kf2 Rc5 38.Ke3 Kg7 39.b3 Rcd5 40.Re4 Rd3+ 41.Ke2 Rc3 42.Ne3 Rc5
43.Nc4 Rg5 44.Rf2 Rc7 45.Kd2 Rg3 46.Nxa5 Ra7 47.Ra4 g5 48.Nc4 Rd7+ 49.Ke2 Re7+
50.Kf1 Rd3 51.Ra5 f6 52.Ra6 Rd1+ 53.Kg2 Ree1 54.Rd6 Rxd6 55.Nxd6 Kg6 56.b4 g4
57.b5 Re6 58.b6 Rxd6 59.Rb2 Rd8 60.b7 Rb8 61.a4 h4 62.a5 h3+ 63.Kg3 f5 64.a6 Kg5
65.Rb5 Rd8 66.b8=Q Rd3+ 67.Kf2  1-0

[Event "Vladimir Petrov Mem A 2012"]
[Site "Jurmala LAT"]
[Date "2012.02.17"]
[Round "7.4"]
[White "Khairullin,I"]
[Black "Khenkin,I"]
[Result "1/2-1/2"]
[WhiteElo "2638"]
[BlackElo "2631"]

1.c4 c6 2.d4 d5 3.Nf3 e6 4.Qc2 Nf6 5.Bg5 dxc4 6.Qxc4 h6 7.Bh4 b5 8.Qc2 Bb7
9.e4 Nbd7 10.Nc3 Qa5 11.Nd2 b4 12.Na4 c5 13.Bxf6 gxf6 14.d5 exd5 15.exd5 Bxd5
16.Nc4 Bxc4 17.Qe4+ Be6 18.Qxa8+ Ke7 19.b3 c4 20.Qe4 Bg7 21.Qd4 cxb3 22.axb3 Rg8
23.Rd1 Qc7 24.Qxb4+ Ke8 25.Bc4 Bf8 26.Qc3 Rxg2 27.Bxe6 Qxc3+ 28.Nxc3 fxe6
29.Ke2 Rg5 30.Ne4 Re5 31.Kf3 Rb5 32.Nd2 Nc5  1/2-1/2

[Event "TCh-HUN 2011-12"]
[Site "Budapest HUN"]
[Date "2012.02.19"]
[Round "6"]
[White "Fodor,T jr"]
[Black "Bodiroga,P"]
[Result "0-1"]
[WhiteElo "2476"]
[BlackElo "2414"]

1.c4 c6 2.Nf3 Nf6 3.g3 d5 4.Bg2 Bg4 5.O-O Nbd7 6.d3 Bxf3 7.exf3 g6 8.Nc3 e6
9.Bf4 Nh5 10.Bd2 Bg7 11.f4 Nhf6 12.Qc2 O-O 13.Ne2 Re8 14.Rad1 Qc7 15.Nd4 h5
16.Nf3 Ng4 17.Rde1 Rad8 18.f5 exf5 19.cxd5 Rxe1 20.Bxe1 c5 21.Ng5 Qd6 22.Qb3 b6
23.Bc3 Bf6 24.Nh3 g5 25.Qa4 Nde5 26.Rd1 h4 27.f4 Ng6 28.Re1 hxg3 29.hxg3 gxf4
30.Nxf4 Bd4+ 31.Bxd4 Nxf4 32.Re8+ Kh7 33.gxf4 Qxf4 34.Rxd8 cxd4 35.Qe8 Qh2+
36.Kf1 Ne3+ 37.Ke1 Qg1+  0-1

[Event "16th Guingamp Open"]
[Site "Guingamp FRA"]
[Date "2012.02.19"]
[Round "2"]
[White "Terrieux,K"]
[Black "Gidel,J"]
[Result "0-1"]
[WhiteElo "2395"]
[BlackElo "2148"]

1.c4 c6 2.g3 d5 3.Bg2 Nf6 4.Nf3 dxc4 5.Na3 Nbd7 6.Nxc4 e6 7.O-O Be7 8.a4 a5
9.d4 O-O 10.Bd2 Nd5 11.e4 Nb4 12.Bc3 b6 13.Bxb4 Bxb4 14.Qc2 Ba6 15.Rfd1 Rc8
16.Nfe5 Nxe5 17.Nxe5 Qc7 18.Nc4 Rfd8 19.Ne3 h6 20.Rac1 Qa7 21.e5 Bb7 22.Qe4 Rd7
23.Qg4 Bf8 24.h4 b5 25.axb5 cxb5 26.d5 Rxc1 27.Rxc1 Bxd5 28.Bxd5 exd5 29.Nf5 Rc7
30.Rd1 Rc2 31.Ne3 Rxb2 32.Rxd5 Qc7 33.Qd1 a4 34.Qd3 Rb3 35.Qd1 Rb2 36.Qd3 Qc1+
37.Kg2 Qc6 38.Kg1 Qc1+ 39.Nf1 Qc4 40.Qd1 a3 41.Rd8 Qc5  0-1

[Event "ch-ROU Men 2012"]
[Site "Sarata Monteoru ROU"]
[Date "2012.02.19"]
[Round "9.34"]
[White "Toma,Ra"]
[Black "Badelita,B"]
[Result "0-1"]
[WhiteElo "2052"]
[BlackElo "1945"]

1.c4 c6 2.Nf3 d5 3.d4 Nf6 4.Qc2 a6 5.g3 dxc4 6.Qxc4 Be6 7.Qc2 Bd5 8.Nbd2 Bxf3
9.Nxf3 e6 10.Qb3 Qa5+ 11.Bd2 Qb5 12.Qc2 Bb4 13.Bg2 O-O 14.O-O Qxe2 15.Rfe1 Qb5
16.a4 Qa5 17.Re5 Nd5 18.Qb3 c5 19.dxc5 Nc6 20.Bxb4 Ndxb4 21.Rg5 Rad8 22.Ne5 Nxe5
23.Rxe5 Nd3 24.Rg5 Qd2 25.Rh5 Qxf2+ 26.Kh1 Ne1 27.Qxb7 Rd2 28.Qe4 Qxg2+ 29.Qxg2 Nxg2
30.b4 f5 31.b5 Ne3 32.Re1 g6 33.Rh4 Ng2 34.Rxe6 Nxh4 35.gxh4 axb5 36.axb5 Ra8
37.Re1 Rd5 38.Rc1 Rc8  0-1

[Event "ch-ROU Women 2012"]
[Site "Sarata Monteoru ROU"]
[Date "2012.02.20"]
[Round "8.3"]
[White "Foisor,C"]
[Black "Dragomirescu,An"]
[Result "1-0"]
[WhiteElo "2395"]
[BlackElo "2240"]

1.c4 c6 2.e4 d5 3.exd5 cxd5 4.cxd5 Nf6 5.Nc3 Nxd5 6.Bc4 e6 7.Nf3 Be7 8.O-O O-O
9.d4 b6 10.Re1 Bb7 11.a3 Nd7 12.Nxd5 Bxd5 13.Bxd5 exd5 14.Bf4 Nf6 15.Ne5 Bd6
16.Bg5 Rc8 17.Rc1 h6 18.Rxc8 Qxc8 19.Bxf6 gxf6 20.Ng4 Kg7 21.Qf3 f5 22.Ne3 Kg6
23.g3 Re8 24.Qxd5 Qe6 25.Qb5 Rc8 26.Ng2 Qf6 27.Nh4+ Kh7 28.Qxf5+ Qxf5 29.Nxf5 Bf8
30.Re2 a5 31.Kg2 a4 32.Re5 Kg6 33.Rb5 Rb8 34.g4 Kf6 35.h4 Ke6 36.h5 f6 37.Ne3 Kd7
38.Kf3 Kc6 39.Rf5 Bg7 40.Nd5 Rd8 41.Nb4+ Kc7 42.Ke3 Kb7 43.Kd3 Re8 44.Nd5 Re6
45.Nc3  1-0

[Event "TCh-CAT 2012"]
[Site "Catalunya ESP"]
[Date "2012.02.25"]
[Round "5.7"]
[White "Gonzalez Freixas,A"]
[Black "Casanellas Ruano,L"]
[Result "1/2-1/2"]
[WhiteElo "2155"]
[BlackElo "2208"]

1.c4 c6 2.g3 d5 3.Bg2 Nf6 4.Nf3 Bf5 5.cxd5 cxd5 6.Nc3 Nc6 7.Qb3 Qd7 8.d3 e6
9.Bf4 Be7 10.O-O O-O 11.Rac1 Rac8 12.Rfd1 h6 13.e4 Bg4 14.e5 Bxf3 15.Bxf3 Nd4
16.Qa4 Nxf3+ 17.Kg2 Qxa4 18.Nxa4 Nd4 19.Be3 Nc6 20.exf6 Bxf6 21.Nc5 Rc7 22.Nxb7 Rxb7
23.Rxc6 Rxb2 24.Ra6 Ra8 25.Bc5 Bd8 26.d4 Bb6 27.a4 Bxc5 28.dxc5 Rc8 29.Rc1 Rb7
30.Kf3 Rbc7 31.Ra5 Kf8 32.Ke3 Rb8 33.Rb5 Rbc8 34.Kd4 Ke7 35.f4 h5 36.Rc2 Kd7  1/2-1/2

[Event "Schachbundesliga 2011-12"]
[Site "Hockenheim GER"]
[Date "2012.02.25"]
[Round "10"]
[White "Ghaem Maghami,E"]
[Black "Buhmann,R"]
[Result "1/2-1/2"]
[WhiteElo "2583"]
[BlackElo "2606"]

1.c4 c6 2.e4 d5 3.cxd5 cxd5 4.exd5 Nf6 5.Bb5+ Nbd7 6.Nc3 a6 7.Be2 Nb6 8.Nf3 Nbxd5
9.O-O e6 10.d4 Be7 11.Ne5 O-O 12.Bf3 Bd7 13.Bg5 Rb8 14.Re1 Nxc3 15.bxc3 b5
16.Bc6 Bc8 17.a4 Qc7 18.axb5 axb5 19.Qd3 b4 20.cxb4 Rxb4 21.Bd2 Rb8 22.Rec1 Qd6
23.Qg3 Nh5 24.Qf3 g6 25.Bh6 Ng7 26.Be4 f5 27.Ba8 Bf6 28.Nc6 Rb6 29.Bf4 Qd7
30.Ra7 Rxc6 31.Rxd7 Rxc1+ 32.Bxc1 Bxd7 33.Qb7 Be8 34.Qa7 Rf7 35.Qb6 Rd7 36.Bb2 Kf7
37.g3 Bd8 38.Qb3 Bf6 39.d5 Bxb2 40.Qxb2 exd5 41.Qe5 Kf8 42.Bc6 Re7 43.Qf6+ Bf7
44.Bxd5 Rd7 45.Bc4 Kg8 46.Bxf7+ Rxf7 47.Qd8+ Rf8 48.Qd5+ Rf7 49.f3 Nh5 50.Kf2 Kg7
51.Qe5+ Kg8 52.Kg2 h6 53.Kf2 Kh7 54.Ke2 Ng7 55.Qd6 Rb7 56.Qa3 Rc7 57.Qa2 Rc6
58.Kd3 Rd6+ 59.Ke3 Re6+ 60.Kd4 Re8 61.Qf7 Re2 62.h3 h5 63.Qa7 Re6 64.Kd5 Re2
65.Kd6 Re6+ 66.Kd7 Re8 67.Qc5 Re2 68.Qc3 Re8 69.Qd2 Re6 70.Qd4 Re8 71.Qc3 Re2
72.h4 Kh8 73.Qd3 Re8 74.Qd4 Re2 75.Qd3 Re8 76.Qc3 Re2 77.Qa3 Kh7 78.Qb3 Re8
79.Qd3 Re6 80.Qd4 Re2 81.Qc3 Kh8 82.Qd3 Re8 83.g4 fxg4 84.fxg4 Re6 85.gxh5 gxh5
86.Qb1 Re8 87.Qg6 Re6 88.Qxe6 Nxe6 89.Kxe6  1/2-1/2

[Event "Schachbundesliga 2011-12"]
[Site "Trier GER"]
[Date "2012.02.25"]
[Round "10"]
[White "Kolbus,D"]
[Black "Salzmann,P"]
[Result "1-0"]
[WhiteElo "2325"]
[BlackElo "2202"]

1.c4 c6 2.Nf3 Nf6 3.g3 d5 4.Qc2 g6 5.Bg2 Bg7 6.O-O O-O 7.b3 Ne4 8.Bb2 Bxb2
9.Qxb2 Qd6 10.Nc3 Nxc3 11.Qxc3 Bg4 12.h3 Bxf3 13.Bxf3 d4 14.Qb2 Nd7 15.Bg2 Rad8
16.b4 Qe5 17.d3 f5 18.f4 Qf6 19.b5 e5 20.bxc6 bxc6 21.Qb7 exf4 22.gxf4 Qe6
23.Rf2 Nf6 24.Qxc6 Rd6 25.Qc5 Rf7 26.a4 Kg7 27.a5 Rfd7 28.Qe5 Qg8 29.Rb1 Re6
30.Qc5 Qe8 31.Bf3 Qd8 32.Rb7 Rxb7 33.Bxb7 Kh6 34.Qxa7 Nh5 35.Bd5 Re3 36.Qxd4 Rxh3
37.a6 Rg3+ 38.Rg2 Qa5 39.a7 Rh3 40.Kf2 Qd8 41.a8=Q Qh4+ 42.Kf1 Rh1+ 43.Rg1 Rxg1+
44.Qxg1 Qxf4+ 45.Bf3  1-0